Imagining the modern (Record no. 1044)
[ view plain ]
| 000 -LEADER | |
|---|---|
| fixed length control field | 01523nam a2200373 a 4500 |
| 082 04 - DEWEY DECIMAL CLASSIFICATION NUMBER | |
| Classification number | 320.54/095693 |
| 100 1# - MAIN ENTRY--AUTHOR NAME | |
| Personal name | Bryant, Rebecca, |
| 245 10 - TITLE STATEMENT | |
| Title | Imagining the modern |
| 260 ## - PUBLICATION, DISTRIBUTION, ETC. (IMPRINT) | |
| Place of publication | London ; |
| -- | New York : |
| Name of publisher | I.B. Tauris ; |
| Place of publication | New York : |
| Name of publisher | In the U.S. distributed by Palgrave Macmillan, |
| Year of publication | 2004. |
| 300 ## - PHYSICAL DESCRIPTION | |
| Number of Pages | xi, 307 p. : |
| Other physical details | ill. |
| 505 0# - FORMATTED CONTENTS NOTE | |
| Formatted contents note | pt. 1. Stirrings -- pt. 2. Movements -- pt. 3. Revolutions -- pt. 4. Aftermath. |
| 650 #0 - SUBJECT ADDED ENTRY--TOPICAL TERM | |
| Topical Term | Nationalism |
| 856 40 - ELECTRONIC LOCATION AND ACCESS | |
| Uniform Resource Identifier | http://site.ebrary.com/lib/rucke/Doc?id=10713139 |
No items available.
